Music Quiz

Random Music or Song Quiz

Can you guess this Jesse McCartney song? Quiz Stats

 Plays Quiz not verified by Sporcle

Score 0/10 Timer 11:00
0 Plays Today
Beginning lyric and then % Correct
I don't want another pretty faceI don't want just anyone to hold
86.1%
but the way that body's talkin'definitely makes sense
33.8%
says she wants to re-upknows I got the best in the town
29%
Don't stress, don't stress, don't stressjust tell him to the left left left
27.7%
can't let him win nowThought you should know
22.5%
so when you call I'm pushing 7don't want to hear your messages
19%
Haven't seen or heard from youbeen missing you crazy
13.9%
whatcha doing, whatcha doing up against the wallyou know you wanna dance or you wouldn't be here at all
10%
'cause you're the only girl that I'll ever needShe's only a picture on a magazine
9.1%
I know that I could usea little time alone with you
3.5%

You're not logged in!

Compare scores with friends on all Sporcle quizzes.
OR
Log In

Show Comments

Extras

Created Nov 17, 2010ReportNominate
Tags:Song Quiz, jesse, mccartney

Top Quizzes Today


Score Distribution

Your Account Isn't Verified!

In order to create a playlist on Sporcle, you need to verify the email address you used during registration. Go to your Sporcle Settings to finish the process.

Report this User

Report this user for behavior that violates our Community Guidelines.

Details: